00415 2200169 4500001002100000005001500021008004100036020001800077035001900095041000700114082001200121090001800133100001600151245001100167260003600178300003100214INLIS00000000002098720241224130945241224||||||||| | ||| |||| || |  a979-006-492-6 0010-1224020987 aid0 a665.776 a665.776 SRI b0 aSri Wahyuni00aBIOGAS aJakartabAgromeda pustakac2013 avi + 118 hlm ,; 15 x 23 cm